000 00534nam a22001817a 4500
010 _aENG-120512
020 _a9788189392154
_c1000.00
035 _aEN-104044
037 _bDBAD/PUB
082 _a115
100 _aBarthakur, Jitendra Kumar
245 _aTime :
_cby Jitendra Kumar Barthakur /
_bsecond revised edition
260 _aNew Delhi
_bKumud Books
_c2012
270 _aC8/8806 Vasant,
_bDelhi
_e110070
300 _a454p.
_c22cm(Hb).
500 _aIncludes index
942 _2ddc
_cEN
_h320.840954
_mGAN
999 _c144176
_d144176